<?xml version="1.0" encoding="UTF-8"?>
<record
    xmlns:xsi="http://www.w3.org/2001/XMLSchema-instance"
    xsi:schemaLocation="http://www.loc.gov/MARC21/slim http://www.loc.gov/standards/marcxml/schema/MARC21slim.xsd"
    xmlns="http://www.loc.gov/MARC21/slim">

  <leader>01853nam a2200301   4500</leader>
  <controlfield tag="001">114131</controlfield>
  <controlfield tag="003">DR-UNIBE</controlfield>
  <controlfield tag="005">20251002114114.0</controlfield>
  <controlfield tag="008">251002b2017    dr ||||| |||| 00| 1 spa d</controlfield>
  <datafield tag="020" ind1=" " ind2=" ">
    <subfield code="a">9789945603330</subfield>
  </datafield>
  <datafield tag="040" ind1=" " ind2=" ">
    <subfield code="a">BIBLIOTECA UNIBE</subfield>
    <subfield code="b">spa</subfield>
    <subfield code="c">BIBLIOTECA UNIBE</subfield>
    <subfield code="e">rda</subfield>
  </datafield>
  <datafield tag="041" ind1=" " ind2=" ">
    <subfield code="a">spa</subfield>
  </datafield>
  <datafield tag="090" ind1=" " ind2=" ">
    <subfield code="a">FBIU-PUCMM CI M965</subfield>
  </datafield>
  <datafield tag="245" ind1="1" ind2="3">
    <subfield code="a">Un mundo m&#xE1;gico :</subfield>
    <subfield code="b">cuentos e ilustraciones de ni&#xF1;os y ni&#xF1;as dominicanos /</subfield>
    <subfield code="c"> presentaci&#xF3;n: Andr&#xE9;s Navarro Garc&#xED;a ; pr&#xF3;logo: Dulce Rodr&#xED;guez ; coordinaci&#xF3;n de lengua espa&#xF1;ola: Norma Mena ;  director del 
Distrito Educativo 10-01: Ydelsis Morel ; edici&#xF3;n: Denise Ocampo ; dise&#xF1;o de portada, diagramaci&#xF3;n y cuidado de ilustraciones: Juan Jos&#xE9; V&#xE1;squez</subfield>
  </datafield>
  <datafield tag="250" ind1=" " ind2=" ">
    <subfield code="a">Primera edici&#xF3;n</subfield>
  </datafield>
  <datafield tag="260" ind1=" " ind2=" ">
    <subfield code="a">Santiago de los Caballeros : </subfield>
    <subfield code="b">Pontificia Universidad Cat&#xF3;lica Madre y Maestra (PUCMM) :</subfield>
    <subfield code="b">Centro de Investigaci&#xF3;n y Desarrollo Humano, (CIEDI-Humano), </subfield>
    <subfield code="c">2017</subfield>
  </datafield>
  <datafield tag="300" ind1=" " ind2=" ">
    <subfield code="a">vi, 120 p&#xE1;ginas : </subfield>
    <subfield code="b">ilustraciones ; </subfield>
    <subfield code="c">27 x 20 cm</subfield>
  </datafield>
  <datafield tag="500" ind1=" " ind2=" ">
    <subfield code="a">Incluye fotos de los ni&#xF1;os escritores de los grados de primero a sexto del nivel primario de las escuelas del distrito educativo 10-01 de Villa Mella, ganadores del concurso de cuentos para desarrollar las competencias de lectura y escritura. En la contraportada interna se lee los nombres de los jurados</subfield>
  </datafield>
  <datafield tag="653" ind1=" " ind2="7">
    <subfield code="a">Cuentos infantiles dominicanos </subfield>
  </datafield>
  <datafield tag="653" ind1=" " ind2="7">
    <subfield code="a">Literatura infantil dominicana</subfield>
  </datafield>
  <datafield tag="700" ind1="1" ind2="0">
    <subfield code="a">Navarro Garc&#xED;a, Andr&#xE9;s</subfield>
    <subfield code="9">141646</subfield>
    <subfield code="e">presentaci&#xF3;n</subfield>
  </datafield>
  <datafield tag="700" ind1="1" ind2="0">
    <subfield code="a">Rodr&#xED;guez, Dulce</subfield>
    <subfield code="9">199529</subfield>
    <subfield code="e">prologuista</subfield>
  </datafield>
  <datafield tag="700" ind1="1" ind2="0">
    <subfield code="a">Mena, Norma</subfield>
    <subfield code="9">196965</subfield>
    <subfield code="e">coordinador lengua espa&#xF1;ola</subfield>
  </datafield>
  <datafield tag="700" ind1="1" ind2="0">
    <subfield code="a">Morel, Ydelsis</subfield>
    <subfield code="9">199540</subfield>
    <subfield code="e">director Distrito Educativo 10-01</subfield>
  </datafield>
  <datafield tag="700" ind1="1" ind2="0">
    <subfield code="a">Ocampo, Denise</subfield>
    <subfield code="9">199530</subfield>
    <subfield code="e">cuidado de la edici&#xF3;n</subfield>
  </datafield>
  <datafield tag="700" ind1="1" ind2="0">
    <subfield code="a">V&#xE1;squez, Juan Jos&#xE9;</subfield>
    <subfield code="9">199531</subfield>
    <subfield code="e">dise&#xF1;ador de portada</subfield>
    <subfield code="e">diagramador</subfield>
    <subfield code="e">cuidado de las ilustraciones</subfield>
  </datafield>
  <datafield tag="942" ind1=" " ind2=" ">
    <subfield code="2">ddc</subfield>
    <subfield code="c">BK</subfield>
  </datafield>
  <datafield tag="999" ind1=" " ind2=" ">
    <subfield code="c">114131</subfield>
    <subfield code="d">114131</subfield>
  </datafield>
  <datafield tag="952" ind1=" " ind2=" ">
    <subfield code="0">0</subfield>
    <subfield code="1">0</subfield>
    <subfield code="2">ddc</subfield>
    <subfield code="7">1</subfield>
    <subfield code="8">FBIU</subfield>
    <subfield code="a">Principal</subfield>
    <subfield code="d">2025-08-01</subfield>
    <subfield code="l">0</subfield>
    <subfield code="o">FBIU-PUCMM CI M965</subfield>
    <subfield code="p">FBIU0898</subfield>
    <subfield code="r">2025-10-02 10:51:14</subfield>
    <subfield code="t">EJ. 1</subfield>
    <subfield code="w">2025-10-02</subfield>
    <subfield code="y">BK</subfield>
  </datafield>
</record>
